| 000 | 00455nam a2200157 a 4500 | ||
|---|---|---|---|
| 005 | 20140310183318.0 | ||
| 008 | 051202s19uu xx 00 eng d | ||
| 020 | _a1842364049 | ||
| 050 |
_aQ 121 _b.Sc416 2004 |
||
| 245 | _aScience encyclopedia / | ||
| 260 |
_aBarfield Centre Barfield Essex CM : _bBarfield Press, _c2004. |
||
| 300 |
_a256 p. : _bill. col. ; _c28 cm. |
||
| 650 | _aEncyclopedias and dictionaries. | ||
| 942 |
_cBK _2lcc |
||
| 999 |
_c21321 _d21321 |
||